| 000 | 00521nam a2200181Ia 4500 | ||
|---|---|---|---|
| 001 | 9501 | ||
| 005 | 20260306161723.0 | ||
| 008 | 260306t2005||||xx |||||||||||||| ||spa|| | ||
| 041 | _aESP | ||
| 082 |
_a379.85 _bC76 |
||
| 100 |
_aPerú. Consejo Nacional de Educación _eAUT |
||
| 245 | 0 |
_aHacia un Proyecto Educativo Nacional 2006 - 2021: _bpropuesta del Consejo Nacional de Educación, agosto 2005 |
|
| 260 | _c2005 | ||
| 300 |
_a126 páginas : _c21 cm. |
||
| 650 | _aGEN | ||
| 654 | _aCED | ||
| 942 |
_cLIB _dJUS _fJUS _2ddc _n |
||
| 999 |
_c9501 _d9501 |
||